International marketing / (Record no. 209944)
[ view plain ]
| 000 -LEADER | |
|---|---|
| fixed length control field | 00726nam a2200217Ia 4500 |
| 005 - DATE AND TIME OF LATEST TRANSACTION | |
| control field | 20220316092106.0 |
| 008 - FIXED-LENGTH DATA ELEMENTS--GENERAL INFORMATION | |
| fixed length control field | 210716s2015 xx 000 0 und d |
| 020 ## - INTERNATIONAL STANDARD BOOK NUMBER | |
| International Standard Book Number | 9788126557509 |
| 040 ## - CATALOGING SOURCE | |
| Transcribing agency | AIMIT LIBRARY |
| 041 ## - LANGUAGE CODE | |
| Language code of text/sound track or separate title | eng |
| 082 ## - DEWEY DECIMAL CLASSIFICATION NUMBER | |
| Classification number | 658.848 |
| Edition number | 6 |
| Item number | KOTM |
| 100 ## - MAIN ENTRY--PERSONAL NAME | |
| Personal name | Kotabe, Masaaki. |
| 9 (RLIN) | 23789 |
| 245 ## - TITLE STATEMENT | |
| Title | International marketing / |
| Statement of responsibility, etc. | By Masaaki Kotabe and Kristiaan Helsen. |
| 250 ## - EDITION STATEMENT | |
| Edition statement | 6th ed. |
| Remainder of edition statement | International Student Version |
| 260 ## - PUBLICATION, DISTRIBUTION, ETC. | |
| Place of publication, distribution, etc. | New Delhi : |
| Name of publisher, distributor, etc. | Wiley Dreamtech Pvt Ltd , |
| Date of publication, distribution, etc. | 2015. |
| 300 ## - PHYSICAL DESCRIPTION | |
| Extent | Xxiv, 595p. ; |
| Dimensions | 25.5 cm. |
| 650 ## - SUBJECT ADDED ENTRY--TOPICAL TERM | |
| Topical term or geographic name entry element | Political and legal environment |
| 9 (RLIN) | 23790 |
| 650 ## - SUBJECT ADDED ENTRY--TOPICAL TERM | |
| Topical term or geographic name entry element | Segmentation and positioning |
| 9 (RLIN) | 23791 |
| 700 ## - ADDED ENTRY--PERSONAL NAME | |
| Personal name | Helsen, Kristiaan. |
| 9 (RLIN) | 23792 |
| 942 ## - ADDED ENTRY ELEMENTS (KOHA) | |
| Source of classification or shelving scheme | Dewey Decimal Classification |
| Koha item type | Book |
| Edition | 6th |
| Call number prefix | 658.848 KOTM |
| Withdrawn status | Lost status | Source of classification or shelving scheme | Damaged status | Not for loan | Collection code | Home library | Current library | Date acquired | Cost, normal purchase price | Inventory number | Total Checkouts | Full call number | Barcode | Date last seen | Cost, replacement price | Price effective from | Koha item type |
|---|---|---|---|---|---|---|---|---|---|---|---|---|---|---|---|---|---|
| Dewey Decimal Classification | MBA | St Aloysius Institute of Management & Information Technology | St Aloysius Institute of Management & Information Technology | 02/10/2017 | 789.00 | Bill no:734; Bill dt:2017-02-06 | 658.848 KOTM | MBA12510 | 05/23/2026 | 607.53 | 07/16/2021 | Book | |||||
| Dewey Decimal Classification | MBA | St Aloysius Institute of Management & Information Technology | St Aloysius Institute of Management & Information Technology | 03/19/2020 | 889.00 | Bill no:931; Bill dt:2020-03-16 | 658.848 KOTM | MBA14114 | 05/23/2026 | 666.75 | 07/16/2021 | Book |